| 000 | 01202cab a2200325 4500 | ||
|---|---|---|---|
| 001 | ABS58081 | ||
| 008 | 090401t1997 xxu||||| |||| 00| 0 eng d | ||
| 035 | _a(Sirsi) u82662 | ||
| 041 | _aeng | ||
| 245 | _aFocus: Leisure | ||
| 260 | _c1997 | ||
| 350 | _a0 | ||
| 490 |
_aEstates Gazette _v(9749) 6 December 1997, 101-127(12) |
||
| 520 | _aSpecial report on the leisure market, reviewing how the industry must change to keep pace with its burgeoning popularity, how PPG6 has forced cinema operators to concentrate on town centre locations, growing public demand for more leisure outlets, how to win planning permission for stadiums, and why indoor ski centres look set to become the next growth area for the sector. | ||
| 650 | _aBIRMINGHAM | ||
| 650 | _aCINEMAS | ||
| 650 | _aFOOTBALL STADIA | ||
| 650 | _aGROWTH | ||
| 650 | _aLEISURE FACILITIES | ||
| 650 | _aLEISURE INVESTMENT MARKET | ||
| 650 | _aLEISURE MARKET | ||
| 650 | _aOUT-OF-TOWN DEVELOPMENT | ||
| 650 | _aPLANNING PERMISSION | ||
| 650 | _aPLANNING POLICY GUIDANCE NOTE SIX | ||
| 650 | _aSKI CENTRE | ||
| 650 | _aTOWN CENTRE DEVELOPMENT | ||
| 690 | _aLEISURE AND RECREATION | ||
| 942 | _n0 | ||
| 948 | _c15/12/1997 | ||
| 999 |
_c52206 _d52206 |
||